|
|
|
|
| LEADER |
02308nam a2200589 i 4500 |
| 001 |
nkc20253692503 |
| 003 |
CZ PrNK |
| 005 |
20250815105126.0 |
| 007 |
ta |
| 008 |
250702s2025 xr ach e c 000 0ccze |
| 020 |
|
|
|a 978-80-280-0708-9
|q (brožováno)
|
| 040 |
|
|
|a OLA001
|b cze
|e rda
|
| 043 |
|
|
|a e-xr---
|b e-xr-jm
|2 czenas
|
| 045 |
|
|
|a x3x4
|
| 072 |
|
7 |
|a 378
|x Vysoké školy
|2 Konspekt
|9 22
|
| 072 |
|
7 |
|a 929
|x Biografie
|2 Konspekt
|9 8
|
| 080 |
|
|
|a 378.011.3-051
|2 MRF
|
| 080 |
|
|
|a [323.28:329.17]-058.6
|2 MRF
|
| 080 |
|
|
|a 929
|2 MRF
|
| 080 |
|
|
|a (437.3)
|2 MRF
|
| 080 |
|
|
|a (437.322)
|2 MRF
|
| 080 |
|
|
|a (083.8)
|2 MRF
|
| 080 |
|
|
|a (083.824)
|2 MRF
|
| 100 |
1 |
|
|a Kacetlová, Jaroslava,
|d 1982-
|7 mzk2009495818
|4 aut
|
| 245 |
1 |
0 |
|a Nejlepší uctívání jest zajisté následování :
|b profesorský sbor Masarykovy univerzity a druhá světová válka : výstava k 80. výročí konce druhé světové války /
|c text: Jaroslava Kacetlová, Jitka Katovská
|
| 250 |
|
|
|a Vydání první
|
| 264 |
|
1 |
|a Brno :
|b Masarykova univerzita,
|c 2025
|
| 300 |
|
|
|a 23 stran :
|b ilustrace (převážně barevné), portréty, faksimile ;
|c 25 cm
|
| 336 |
|
|
|a text
|b txt
|2 rdacontent
|
| 336 |
|
|
|a statický obraz
|b sti
|2 rdacontent
|
| 337 |
|
|
|a bez média
|b n
|2 rdamedia
|
| 338 |
|
|
|a svazek
|b nc
|2 rdacarrier
|
| 500 |
|
|
|a 200 výtisků
|
| 610 |
2 |
7 |
|a Masarykova univerzita
|7 kn20010709056
|2 czenas
|
| 648 |
|
7 |
|a 1939-1945
|7 ch460653
|2 czenas
|
| 650 |
0 |
7 |
|a vysokoškolští učitelé
|7 ph127282
|z Česko
|2 czenas
|
| 650 |
0 |
7 |
|a oběti nacismu
|7 ph123641
|z Česko
|y 1939-1945
|2 czenas
|
| 650 |
0 |
9 |
|a college teachers
|z Czechia
|2 eczenas
|
| 650 |
0 |
9 |
|a victims of Nazism
|z Czechia
|y 1939-1945
|2 eczenas
|
| 651 |
|
7 |
|a Brno (Česko)
|7 ge134084
|2 czenas
|
| 651 |
|
9 |
|a Brno (Czechia)
|2 eczenas
|
| 655 |
|
7 |
|a seznamy
|7 fd133378
|2 czenas
|
| 655 |
|
7 |
|a katalogy výstav
|7 fd132536
|2 czenas
|
| 655 |
|
9 |
|a lists
|2 eczenas
|
| 655 |
|
9 |
|a exhibition catalogs
|2 eczenas
|
| 700 |
1 |
|
|a Katovská, Jitka
|7 ola20201087520
|4 aut
|
| 910 |
2 |
|
|a BOA001
|b 2-1548.165
|
| 990 |
|
|
|a BK
|
| 995 |
|
|
|a 11
|
| 991 |
|
|
|b 202507
|c NOV
|
| 996 |
6 |
|
|b 2611009780
|c 2-1548.165
|l MZK
|r Sklad / do 1 hodiny
|n 0
|p p.v.
|w 002013023
|u 000010
|a 1
|e BOA001
|j MZK50
|s P
|
| 996 |
7 |
|
|b 2611009781
|c 2-1548.165
|l MZK
|r Sklad / do 1 hodiny
|n 0
|p p.v.
|w 002013023
|u 000020
|a 1
|e BOA001
|j MZK50
|s A
|